000 00612nam a2200181Ia 4500
008 090123s9999 xx 000 0 und d
082 _b3022
_a891.463/खांडेकर
100 _aखांडेकर वि.स.
245 _aरिकामा देव्हारा
250 _a3
260 _bशिवाजी प्रिंटर्स
300 _a152
600 _aखांडेकर वि.स.
630 _aरिकामा देव्हारा
700 _aखांडेकर वि.स.
730 _aरिकामा देव्हारा
942 _cBOOK
999 _c41102
_d41102